000 00597nam a2200193 4500
003 OSt
005 20150429172554.0
008 150429b xxu||||| |||| 00| 0 eng d
020 _a9187748665
040 _c040a
082 _a234.5
_bREA 2000
245 _aReaching reconciliation :
_bchurches in the transition to democracy in Eastern and Central Europe /
_cLucia Ann McSpadden
260 _aSweden
_bPublication for peace education
_c2000
300 _axxviii, 245p :
_c10cm
504 _aincludes index
650 _achurch
_94395
700 _aMcSpadden, Lucia Ann
_94396
942 _2ddc
_cSLOAN
999 _c1666
_d1666